| 000 | 00535nam a2200169 i 4500 | ||
|---|---|---|---|
| 001 | 61213 | ||
| 003 | ES-MaACL | ||
| 005 | 20230906164412.0 | ||
| 007 | t| | ||
| 008 | 031111s1982 sp ||||1| spa d | ||
| 110 | 2 |
_aGalicia. _94452 |
|
| 240 | 1 | 0 | _aEstatuto de Autonomía, 1981 |
| 245 | 1 | 0 | _aLey orgánica 1/1981, de 6 de abril de Estatuto de Autonomía para Galicia. |
| 260 |
_a[Madrid : _bPresidencia del Gobierno, Servicio Central de Publicaciones, _c1982] |
||
| 300 |
_a25 p. ; _c21 cm. |
||
| 852 |
_aES-MaACL _j2127-F-14 _bR.106038 |
||
| 999 |
_c61213 _d61213 |
||